| 000 | 00739nam a22001577a 4500 | ||
|---|---|---|---|
| 003 | OSt | ||
| 005 | 20151103104716.0 | ||
| 008 | 151103b xxu||||| |||| 00| 0 eng d | ||
| 040 | _cRUA | ||
| 082 | _aFOR KEN 1996 B122 Or.1 | ||
| 100 |
_93252 _aKEN, PHAN. |
||
| 245 | _aStudy on project of technical rules of forest exploitation in timbert -yard2, sub-zonei of colexim forest concession (សិក្សាគំរោងបែបបទបច្ចេកទេសអាជីវកម្មព្រៃគុបឆ្នំាទី២អនុតំបន់ Iនៃព្រៃសម្បទានសហគ្រាសកូឡិចសីុម) | ||
| 260 |
_aPhnom Penh _bRUA _c1996 |
||
| 300 |
_a70p. _bill. _c29cm. |
||
| 942 |
_2ddc _cFOR |
||
| 999 |
_c3036 _d3036 |
||